000 00314nam a2200133 i 4500
001 bg
100 1 _aJaczewski, Jerzy.
245 0 _aElektronika przemysłowa.
_nT. 2 /
_cJerzy Jaczewski.
260 _aGdańsk,
_c1971.
040 _cBPK
041 _apol
942 _cKS
008 s pl f |000 0 pol
999 _c7243
_d7243
856 _uhttp://koha.tu.koszalin.pl/cgi-bin/koha/opac-detail.pl?biblionumber=7243
_yKatalog online BPK